Vista normal Vista MARC

Entrada Topical Term

Número de registros utilizados en: 1

001 - CONTROL NUMBER

  • control field: 18376

003 - CONTROL NUMBER IDENTIFIER

  • control field: OSt

005 - DATE AND TIME OF LATEST TRANSACTION

  • control field: 20230915230706.0

008 - FIXED-LENGTH DATA ELEMENTS

  • fixed length control field: 230915|| aca||aabn | a|a d

040 ## - CATALOGING SOURCE

  • Original cataloging agency: OSt
  • Transcribing agency: OSt

150 ## - HEADING--TOPICAL TERM

  • Topical term or geographic name entry element: PRESIDENTES - COLOMBIA - INFORMES

670 ## - SOURCE DATA FOUND

  • Source citation: Work cat.: (OSt)23668: Colombia, Presidente 1994 - Samper Pizano Ernesto 18375, Discurso instalación sesiones del congreso Julio 20 de 1997, 1996









Instituto Departamental de Cultura del Meta - Red Departamental de Bibliotecas Públicas del Meta.